Комплекс на основе CuBr-лазера для визуально-оптического исследования сварочных процессов; Инновации в неразрушающем контроле (SibTest 2017)

Dettagli Bibliografici
Parent link:Инновации в неразрушающем контроле (SibTest 2017).— 2017.— [С. 36-37]
Autore principale: Тригуб М. В. Максим Викторович
Ente Autore: Национальный исследовательский Томский политехнический университет (ТПУ) Институт физики высоких технологий (ИФВТ) Кафедра высоковольтной электрофизики и сильноточной электроники (ВЭСЭ)
Altri autori: Лунёв А. Г. Алексей Геннадьевич
Riassunto:Заглавие с титульного экрана
Lingua:russo
Pubblicazione: 2017
Serie:Методы и средства неразрушающего контроля
Soggetti:
Accesso online:http://earchive.tpu.ru/handle/11683/43978
Natura: MixedMaterials Elettronico Capitolo di libro
KOHA link:https://koha.lib.tpu.ru/cgi-bin/koha/opac-detail.pl?biblionumber=624248

MARC

LEADER 00000naa2a2200000 4500
001 624248
005 20240409064724.0
035 |a (RuTPU)RU\TPU\conf\23493 
035 |a RU\TPU\conf\23492 
090 |a 624248 
100 |a 20171113d2017 k y0rusy50 ca 
101 0 |a rus 
102 |a RU 
105 |a y z 101zy 
135 |a drcn ---uucaa 
181 0 |a i  
182 0 |a b 
200 1 |a Комплекс на основе CuBr-лазера для визуально-оптического исследования сварочных процессов  |f М. В. Тригуб, А. Г. Лунёв 
203 |a Текст  |c электронный 
225 1 |a Методы и средства неразрушающего контроля 
300 |a Заглавие с титульного экрана 
320 |a [Библиогр.: с. 37 (1 назв.)] 
463 1 |0 (RuTPU)RU\TPU\conf\23467  |t Инновации в неразрушающем контроле (SibTest 2017)  |o сборник тезисов IV международной конференции, Новосибирск, 27-30 июня 2017 г.  |f Национальный исследовательский Томский политехнический университет (ТПУ) ; под ред. А. В. Юрченко  |v [С. 36-37]  |d 2017 
610 1 |a труды учёных ТПУ 
610 1 |a электронные ресурсы 
610 1 |a CuBr-лазеры 
610 1 |a фильтрация 
610 1 |a изображения 
610 1 |a оптические исследования 
610 1 |a газоразрядные трубки 
700 1 |a Тригуб  |b М. В.  |c специалист в области неразрушающего контроля  |c профессор Томского политехнического университета, доктор технических наук  |f 1987-  |g Максим Викторович  |y Томск  |3 (RuTPU)RU\TPU\pers\25909  |9 11760 
701 1 |a Лунёв  |b А. Г.  |c физик  |c доцент Томского политехнического университета, кандидат технических наук  |f 1978-  |g Алексей Геннадьевич  |3 (RuTPU)RU\TPU\pers\32708 
712 0 2 |a Национальный исследовательский Томский политехнический университет (ТПУ)  |b Институт физики высоких технологий (ИФВТ)  |b Кафедра высоковольтной электрофизики и сильноточной электроники (ВЭСЭ)  |3 (RuTPU)RU\TPU\col\22618 
801 2 |a RU  |b 63413507  |c 20171116  |g RCR 
856 4 |u http://earchive.tpu.ru/handle/11683/43978 
942 |c BK